| 000 | 00636nam a22001937a 4500 | ||
|---|---|---|---|
| 999 |
_c175967 _d175967 |
||
| 005 | 20201015154318.0 | ||
| 010 | _aUR-10890 | ||
| 020 |
_c150.00 _a9789390100712 |
||
| 035 | _aU-9445 | ||
| 037 | _bDBAD/PUB | ||
| 082 | _aک | ||
| 100 | _aعشر ت بيتا ب | ||
| 245 |
_aبر ہنہ سو چ ( ا فسا نچے ) _cعشر ت بيتا ب |
||
| 246 |
_bBarhana Soch (Urdu) _aby Dr.Ishrat Betab |
||
| 260 |
_aN.Delhi _bEducational Publishing House _c2020 ء |
||
| 270 |
_aH.O.D1/16,Ansari Road,Darya ganj, _bN.Delhi _e110002 _k45678285,23216162 _l0091-11-23211540 |
||
| 300 |
_a72 ص _c22 Cm(Hb) |
||
| 942 |
_2ddc _cUR _hک _mع ش ر |
||